000 00201nam a22000977a 4500
999 _c15804
_d15804
003 OSt
008 191021b ||||| |||| 00| 0 eng d
100 _aUroob
_94296
245 _aNeelavelicham
942 _cBK